000 00324 a2200157 4500
001 160875
020 _a
040 _cMagnum
100 _aPorto, Cristina
240 1 0 _aO dicionario de serafina
_lpor
245 1 0 _aO dicionario de serafina
362 0 _a1899
440 1 _aÁtica
697 _aIJ/GERAL
942 _cBK
999 _c160875
_d160875